Alphabet G / (Record no. 7555)
[ view plain ]
| 000 -LEADER | |
|---|---|
| fixed length control field | 01015nam a22002537a 4500 |
| 001 - CONTROL NUMBER | |
| control field | 7555 |
| 003 - CONTROL NUMBER IDENTIFIER | |
| control field | FISKH |
| 005 - DATE AND TIME OF LATEST TRANSACTION | |
| control field | 20250724093504.0 |
| 008 - FIXED-LENGTH DATA ELEMENTS--GENERAL INFORMATION | |
| fixed length control field | 250724b cb ||||| |||| 00| 0 eng d |
| 020 ## - INTERNATIONAL STANDARD BOOK NUMBER | |
| International Standard Book Number | 9789673315598 |
| 040 ## - CATALOGING SOURCE | |
| Original cataloging agency | FISKH |
| Language of cataloging | eng |
| Transcribing agency | FISKH |
| Modifying agency | FISKH |
| 050 ## - LIBRARY OF CONGRESS CALL NUMBER | |
| Classification number | PZ7 |
| 082 ## - DEWEY DECIMAL CLASSIFICATION NUMBER | |
| Classification number | 428.1 |
| 100 ## - MAIN ENTRY--PERSONAL NAME | |
| Personal name | Anonymous |
| 245 ## - TITLE STATEMENT | |
| Title | Alphabet G / |
| 490 ## - SERIES STATEMENT | |
| Series statement | Writing practice : |
| Volume/sequential designation | For little hands |
| 505 ## - FORMATTED CONTENTS NOTE | |
| Formatted contents note | aa |
| 520 ## - SUMMARY, ETC. | |
| Summary, etc. | "Writing Practice: Alphabet (Lower Case) – For Little Hands" is a wipe-clean handwriting practice book designed for young children who are just beginning to learn how to write. With bold letters, traceable dotted guidelines, and simple visuals, this book allows early learners to practice forming lowercase letters with a whiteboard marker, making it reusable and engaging. |
| 521 8# - TARGET AUDIENCE NOTE | |
| Target audience note | 50<br/> |
| Source | Lexile estimate<br/> |
| 521 8# - TARGET AUDIENCE NOTE | |
| Target audience note | aa<br/> |
| Source | Raz-Plus<br/> |
| 650 ## - SUBJECT ADDED ENTRY--TOPICAL TERM | |
| Topical term or geographic name entry element | Alphabet |
| Form subdivision | Early learning |
| General subdivision | Lowercase letters |
| Chronological subdivision | Handwriting practice |
| 942 ## - ADDED ENTRY ELEMENTS (KOHA) | |
| Source of classification or shelving scheme | Dewey Decimal Classification |
| Koha item type | Books |
| Suppress in OPAC | No |
| Withdrawn status | Lost status | Source of classification or shelving scheme | Damaged status | Not for loan | Collection | Home library | Current library | Shelving location | Date acquired | Total Checkouts | Full call number | Barcode | Date last seen | Copy number | Price effective from | Koha item type |
|---|---|---|---|---|---|---|---|---|---|---|---|---|---|---|---|---|
| Dewey Decimal Classification | Juvenile Fiction | Footprints International School Library Network Toul Kork Campus | Footprints International School Library Network Toul Kork Campus | TK Primary Library Room(4th Floor), Bookcase 7, Shelves 57-60, Dark Green Books | 07/24/2025 | ANO 428.1 PZ7 | 2025-2797 | 07/24/2025 | 1 | 07/24/2025 | Books |
